| 000 | 00700nam a2200253Ia 4500 | ||
|---|---|---|---|
| 001 | 3513 | ||
| 005 | 20240113233633.0 | ||
| 007 | ta | ||
| 008 | 170829s971- ii a g b000 u 465 u | ||
| 040 | _aCotton College | ||
| 041 | _aeng | ||
| 082 |
_a070.175 _bTHA |
||
| 100 | _aThakuria, Dinabandhu . | ||
| 245 | 0 |
_aCottonian 1971-72 48th issue (1971-72) / _cDinabandhu Thakuria. _hMonographic Serials |
|
| 250 | _a1st ed. / | ||
| 260 |
_aCotton College : _bEditorial Board , _c1971-72. |
||
| 300 |
_a61p. : _bill. ; _c22 cm . |
||
| 500 | _aWritten in English & Assamese | ||
| 653 | _aMagazine-Cottonian | ||
| 653 | _aCottonian | ||
| 942 |
_2ddc _cBK |
||
| 999 |
_c3501 _d3501 |
||